| 000 | 00982nam a22002297a 4500 | ||
|---|---|---|---|
| 008 | 131121t mx||||| |||| 00| 0 spa d | ||
| 020 | _a9786077667032 | ||
| 050 | 0 | 4 |
_aK1700 _bG37 2009 |
| 100 | 1 |
_aGarcía Ramírez, Sergio. _d[1938- ] |
|
| 245 | 1 | 0 |
_aCuestiones jurídicas en la sociedad moderna _c/ Sergio García Ramírez |
| 250 | _a1a ed. | ||
| 260 |
_aMéxico : _bSeminario de Cultura Mexicana : Universidad Autónoma de México ; Instituto de Investigaciones Jurídicas, _c2009. |
||
| 300 |
_a474 p. : _c21 cm. |
||
| 440 | _aCuadernos del Seminario de Cultura Mexicana | ||
| 504 | _aIncluye índice | ||
| 650 | 7 |
_2LEMB _aDerecho civil _xEstudio y enseñanza _zMéxico |
|
| 650 | 7 |
_2LEMB _aDerecho penal _xEstudio y enseñanza _zMéxico |
|
| 650 | 7 |
_2LEMB _aDerecho agrario _xEstudio y enseñanza _zMéxico |
|
| 710 | 2 | _aSeminario de Cultura Mexicana | |
| 710 | 2 |
_aUniversidad Autónoma de México, _bInstituto de Investigaciones Jurídicas |
|
| 942 |
_2lcc _cLIB |
||
| 999 |
_c45518 _d45518 |
||